000 00418nam a22001337a 4500
005 20250818122938.0
008 250818b |||||||| |||| 00| 0 eng d
100 _aHALE, THOMAS
245 _aTHE APPLIED NEW TESTAMENT COMMENTARY
_cTHOMAS HALE WITH ARTICLES BY STEPHEN THORSON
260 _aEASTBOURNE
_bKINGSWAY PUBLICATIONS
_cc1996
300 _aviii.; 1064p.;
_bmaps
700 _aSTEPHEN THORSON
942 _2lcc
_cREF
_n0
999 _c7283
_d7283